| 000 | 00685nam a22002177a 4500 | ||
|---|---|---|---|
| 999 |
_c13440 _d13440 |
||
| 003 | AR-CdUCM | ||
| 008 | 190415b ||||| |||| 00| 0 spa d | ||
| 040 |
_aMUNICIPALIDAD PROVINCIAL DEL CUSCO _cBIBLIOTECA MUNICIPAL DEL CUSCO |
||
| 082 |
_aEP / 372.869 / _bM84 |
||
| 100 |
_aMonteblanco Martinez, Hugo A. _931863 |
||
| 245 | _aEs hora de compartir mis cuentos / | ||
| 260 |
_aCallao : _bDerechos de edición y arte grafico reservados, _c1996. |
||
| 300 |
_a67 paginas ; _c21 cm. |
||
| 500 | _aCuentos e historias | ||
| 650 |
_aCuentos _9217 |
||
| 650 |
_aHistoria _9136 |
||
| 650 |
_aLiteratura _983 |
||
| 650 |
_aSiglo XX _98 |
||
| 942 |
_2ddc _cLIBROS |
||
| 945 |
_apjha _d2019-04-15 |
||